Länder erraten die meisten A-Z - Statistiken

Allgemein
  • Dieses Quiz wurde 773 mal gespielt
  • Das Durchschnittsergebnis liegt bei 15 aus 23
Antwortstatistiken
% Land % Korrekt
D 96 Deutschland
94%
F 94 Frankreich
89%
C 93 China
84%
R 94 Russland
82%
O / Ö 90 Österreich
79%
I 93 Italien
72%
Z 64 Zypern
71%
E 83 Estland
70%
J 91 Japan
68%
V 95 Vereinigte Staaten
67%
P 92 Portugal
66%
G 88 Griechenland
65%
S 93 Spanien
65%
B 91 Brasilien
62%
A / Ä 92 Australien
61%
T 89 Türkei
59%
K 94 Kanada
58%
H 63 Haiti
55%
W 83 Weißrussland
55%
N 90 Norwegen
54%
L 84 Lettland
48%
M 91 Mexiko
38%
U / Ü 84 Ukraine
38%
Keine übereinstimmenden Quizze gefunden
Verteilung der Resultate
Anzahl Personen mit jedem Resultat
Perzentil nach korrekt beantworteten Fragen
Ihre Resultats-Entwicklung
Sie haben dieses Quiz noch nicht gespielt